|
|
|
|
| LEADER |
00816cam a2200217 7i4500 |
| 001 |
0000006103 |
| 005 |
20210209090000.0 |
| 020 |
|
|
|a 9780582327887
|
| 020 |
|
|
|a 0582327881 (pbk.)
|
| 090 |
0 |
0 |
|a QH507
|b .A85 1999
|
| 100 |
1 |
|
|a Attwood, Teresa K
|
| 245 |
1 |
0 |
|a Introduction to bioinformatics
|c Teresa K. Attwood and David J. Parry-Smith.
|
| 260 |
|
|
|a Harlow, England:
|b Pearson Education Ltd.,
|c 1999.
|
| 300 |
|
|
|a xx, 218 p.:
|b ill.;
|c 24 cm.
|
| 490 |
0 |
|
|a Cell and molecular biology in action series
|
| 504 |
|
|
|a Includes bibliographical references and index
|
| 650 |
0 |
0 |
|a Computational biology
|
| 700 |
1 |
|
|a Parry-Smith, David J
|
| 997 |
|
|
|a Engineering & Life Sciences, Faculty
|b Science & Biotechnology, Department
|
| 998 |
|
|
|a Bioinformatics, Degree
|
| 999 |
|
|
|a 0000002082
|b BOK
|c OPEN SHELF
|e 2nd Floor, Bestari Jaya
|